1435 1547 1559 1206 1454 1913 1782 1552 1168 1138 1347 1478 1469 1864 1796 1859 1367 1190 1736 1916 1843 1799 1179 1890 1415 1140 1524 1921 1295 1992 1307 1322 1256 1601 1910 1182 1344 1377 1333 1871 1295 1511 1630 1812 1215 1016 1655 1196 1853 1904 1314 1515 1067 1180 1158 1149 1062 1273 1091 1618 1889 1829 1974 1454 1822 1588 1443 1794 1995 1911 1025 1607 1720 1781 1965 1117 1032 1396 1971 1833 1206 1929 1523 1159 1697 1671 1129 1811 1157 1660 1989 1975 1723 1027 1219 1485 1280 1075 1135 BCNSPRNW ULIB Ver.6.0+V

เปลี่ยนเป็นภาษาไทย

Change to English
 แสดงรายละเอียดบรรณานุกรม
  กลับหน้าหลัก

Brief Record : Get Marc (ISO 2709) : E-mail record : QR code < ปิดหน้าต่าง
LEADER : 00000nam 2200000uu 4500
001    13399120843
003     ULIB
008    121019s2550||||th 000 0 tha d
020    ^a9789748418247
050  4 ^aBQ4570^bส722ป ล.1 2550
100 0  ^aศุภวรรณ พิพัฒพรรณวงศ์ กรีน
245 10 ^aปฏิบัติการไล่หนูออกจากบ้าน เล่ม1 /^cศุภวรรณ พิพัฒพรรณวงศ์ กรีน
260    ^aกรุงเทพฯ :^bฟรีมายด์,^c2550
300    ^a152 หน้า
650  4 ^aการ์ตูน^xแง่พระพุทธศาสนา
710 2  ^aส้มซ่า
945    ^p140^l0^i16201
995    ^aกัณชพร
999 ^a ใช้งานได้ทุกระบบ
รายการนี้ยังไม่มีแท็ก
คุณยังไม่ได้ล็อกอิน คุณสามารถมีกิจกรรมร่วมกับเว็บไซต์ได้ แต่ต้องล็อกอินก่อน ::
  ล็อกอิน

รายการสื่อสารสนเทศ

ลำดับที่ ประเภท เลขเรียก/บาร์โค้ด สถานที่ สถานะ
1. นวนิยาย
นวนิยาย
BQ4570 ส722ป ล.1 2550  
  Barcode: 16201
ห้องสมุดวิทยาเขตสวรรค์ประชารักษ์
►หนังสือทั่วไป
บนชั้น

รายการใกล้เคียง
    ผู้แต่ง [ศุภวรรณ พิพัฒพรรณวงศ์ กรีน]

BibComment


ยังไม่เคยถูกคอมเมนท์

คอมเมนท์ทรัพยากรรายการนี้
  คอมเมนท์: ปฏิบัติการไล่หนู..


 Copyright 2026. Bcnsprnw @Library